Bus Gdańsk-Bartoszyce przez Braniewo - Statystyki

Ogólne statystyki
  • Ten quiz został rozwiązany 13 razy
  • Średni wynik to 11 z 29
Statystyki odpowiedzi
Odpowiedź % Poprawnych
Braniewo
100%
Gdańsk
100%
Elbląg
78%
Bartoszyce
67%
Frombork
67%
Bemowizna
44%
Górowo Iławeckie
44%
Kandyty
44%
Lelkowo
44%
Pieniężno
44%
Stępień
44%
Kamińsk
33%
Łajsy
33%
Milejewo
33%
Narusa
33%
Pakosze
33%
Płoskinia
33%
Pogrodzie
33%
Stega Mała
33%
Strubno
33%
Dębowiec
22%
Kwiatkowo
22%
Piasty Wielkie
22%
Wojciechy
22%
Huta Żuławska
11%
Piasek
11%
Spytajny
11%
Tolko
11%
Wiewiórki
11%
Nie znaleziono quizów pasujących do podanych kryteriów
Rozkład punktacji
Procent ludzi z każdym wynikiem
Percentyl według liczby udzielonych odpowiedzi
Twoja historia wyników
Nie rozwiązałeś tego quizu